Liberia... or United States - Statistics

General Stats
  • This quiz has been taken 44 times
  • The average score is 7 of 10
Answer Stats
Question Answer % Correct
Has a Higher Life Expectancy United States
100%
Capital is Named After a U.S. President Both
79%
More Populated Capital (Non Metro Population) Liberia
68%
First Goal Scored By the USA in the World Cup was Scored by the Son of this Countries 25th President Liberia
68%
Had a More Recent Civil War Liberia
68%
Has 11 Stripes on Flag Liberia
68%
Borders 2 Countries United States
68%
Doesn't Use the Metric System Both
63%
Has a Higher Population Density Liberia
63%
Closer to Brazil Liberia
37%
No matching quizzes found
Score Distribution
Percent of People with Each Score
Percentile by Number Answered
Your Score History
You have not taken this quiz